The Denmark Quiz Stats

 Plays Quiz Updated Mar 23, 2018

Score 0/40 Timer 08:00
12 Plays Today
Hint Answer % Correct
Flag colorRed
97.7%
Flag colorWhite
97%
Official LanguageDanish
93.6%
Capital cityCopenhagen (København)
92.2%
Bordering countryGermany
84.6%
Connected by bridge to...Sweden
83.7%
Most popular sportFootball
83.4%
Drives on the...Right
82.4%
Largest religionLutheran
81.8%
Age of suffrage18
76.5%
Bordering seaNorth Sea
75%
Internet TLD.dk
66.8%
Bordering seaBaltic Sea
66.6%
Autonomous country within Danish realmGreenland
65.7%
Official nameKingdom of Denmark
65.5%
Famous waterside statueThe Little Mermaid
65.1%
Population (nearest million)6
62.9%
CurrencyDanish Krone
62.8%
DemonymDane
61%
Early seafarersVikings
60.4%
Hint Answer % Correct
Second largest cityAarhus
50.2%
Autonomous country within Danish realmFaroe Islands
44.4%
PeninsulaJutland
42.1%
Third largest cityOdense
41.2%
Year of EU accession1973
36.8%
Fourth largest cityAalborg
35.5%
National poetHans Christian Andersen
33.8%
Calling code+45
30.8%
MonarchMargrethe II
27.7%
Prime MinisterLars Løkke Rasmussen
23.1%
King who conquered EnglandCnut the Great
21%
National anthemDer er et yndigt land
18.5%
Royal residenceAmalienborg
18.5%
ParliamentFolketinget
17.3%
Longest riverGudenåen
15%
Year of first constitution1849
13.5%
Royal anthemKong Christian stod ved højen mast
12.5%
National treeBeech
11.1%
Highest natural pointMøllehøj (171m)
8.8%
Lowest pointLammefjorden (-7m)
4.8%

You're not logged in!

Compare scores with friends on all Sporcle quizzes.
OR
Log In

You Might Also Like...

Show Comments

Extras

Top Quizzes Today


Score Distribution

Your Account Isn't Verified!

In order to create a playlist on Sporcle, you need to verify the email address you used during registration. Go to your Sporcle Settings to finish the process.

Report this User

Report this user for behavior that violates our Community Guidelines.

Details: